| 000 | 01190cam a22003134a 4500 | ||
|---|---|---|---|
| 001 | 12573988 | ||
| 003 | OSt | ||
| 005 | 20200826130152.0 | ||
| 008 | 011029s2001 enka b 001 0 eng | ||
| 010 | _a 2001055753 | ||
| 020 | _a0471493031 (pbk.) | ||
| 020 | _a9788126514694 | ||
| 040 |
_aDLC _cDLC _dDLC |
||
| 042 | _apcc | ||
| 050 | 0 | 0 |
_aHF5548.32 _b.E186 2001 |
| 082 | 0 | 0 |
_a658.84 _221 _bCHA/E |
| 100 |
_91452 _aChan, Henry |
||
| 245 | 0 | 0 |
_aE-commerce : _bFundamentals and Applications / _cHenry Chan ... [et al.]. |
| 260 |
_aChichester ; _aNew York : _bWiley, _cc2001. |
||
| 300 |
_axxiv, 479 p. : _bill. ; _c24 cm. |
||
| 504 | _aIncludes bibliographical references and index. | ||
| 650 | 0 | _aElectronic commerce. | |
| 700 |
_aChan, Henry _91452 |
||
| 856 | 4 | 2 |
_3Publisher description _uhttp://www.loc.gov/catdir/description/wiley036/2001055753.html |
| 856 | 4 | 1 |
_3Table of contents _uhttp://www.loc.gov/catdir/toc/wiley021/2001055753.html |
| 906 |
_a7 _bcbc _corignew _d1 _eocip _f20 _gy-gencatlg |
||
| 942 |
_2ddc _cBK _h658.84 _iCHA/E _k658.84 _mCHA/E |
||
| 999 |
_c7884 _d7884 |
||